<?xml version="1.0" encoding="UTF-8"?>
<marc:record xmlns:marc="http://www.loc.gov/MARC21/slim">
   <marc:leader>00000nam a2200000 a 4500</marc:leader>
   <marc:datafield ind1="1" ind2=" " tag="100">
      <marc:subfield code="a">Spielberg, Steven</marc:subfield>
   </marc:datafield>
   <marc:datafield ind1="1" ind2=" " tag="100">
      <marc:subfield code="a">Scheider, Roy</marc:subfield>
   </marc:datafield>
   <marc:datafield ind1=" " ind2=" " tag="653">
      <marc:subfield code="a">Hai</marc:subfield>
   </marc:datafield>
   <marc:datafield ind1=" " ind2=" " tag="653">
      <marc:subfield code="a">Schocker</marc:subfield>
   </marc:datafield>
   <marc:datafield ind1=" " ind2=" " tag="653">
      <marc:subfield code="a">Grauen</marc:subfield>
   </marc:datafield>
   <marc:datafield ind1=" " ind2=" " tag="653">
      <marc:subfield code="a">Fischerboot</marc:subfield>
   </marc:datafield>
   <marc:datafield ind1=" " ind2=" " tag="653">
      <marc:subfield code="a">Monster</marc:subfield>
   </marc:datafield>
   <marc:datafield ind1=" " ind2=" " tag="653">
      <marc:subfield code="a">Jagd</marc:subfield>
   </marc:datafield>
   <marc:datafield ind1=" " ind2=" " tag="653">
      <marc:subfield code="a">Long Island</marc:subfield>
   </marc:datafield>
   <marc:datafield ind1=" " ind2=" " tag="653">
      <marc:subfield code="a">Spannung</marc:subfield>
   </marc:datafield>
   <marc:datafield ind1="0" ind2="0" tag="245">
      <marc:subfield code="a">Der weiße Hai</marc:subfield>
   </marc:datafield>
   <marc:datafield ind1="0" ind2="0" tag="245">
      <marc:subfield code="b">Special Edition</marc:subfield>
   </marc:datafield>
   <marc:datafield ind1="0" ind2="0" tag="245">
      <marc:subfield code="c">Spielberg, Steven</marc:subfield>
   </marc:datafield>
   <marc:datafield ind1="1" ind2=" " tag="520">
      <marc:subfield code="a">Der Kameramann Bob Cranston verbringt viel Zeit mit den gefährlichen Tieren des Ozeans - den Weißen Haien. Dabei macht er die erstaunliche Entdeckung, dass die Tiere ihre Gewohnheiten geändert haben. Die Weißen Haie vor der Küste Mexikos kommen im seichten Wasser zusammen und jagen keine Seelöwen mehr. In den kühlen Gewässern des Nordwest-Pazifiks jagen Sechs-Kiemen-Haie in 15 Meter tiefen Wasser, erschrecken Touristen am berühmten Seattle Aquarium und erstaunen Wissenschaftler. Cranston hat eine Theorie für diese Veränderungne, die er in diesem packenden Film beweisen will. Dazu lockt er die Weissen Haie mit einem selbstkonstuiertem Gerät mit Niedrig-Frequenz-Tönen an. Sehen Sie die spannenden Aufnahmen, wenn Cranston mit den Haien taucht - ohne den Schutz eines Käfigs!</marc:subfield>
   </marc:datafield>
</marc:record>
